Movies Four Set Venn Diagram Quiz Stats

 Plays Quiz Updated May 18, 2019

Score 0/16 Timer 06:00
1 Play Today
% Correct
Gone with the Wind
60%
Back to the Future Part II
54.6%
Singin' in the Rain
52.8%
Django Unchained
49.1%
The Artist
48.2%
The Maltese Falcon
48%
Breakfast at Tiffany's
47.8%
Lady Bird
46%
% Correct
Network
44.9%
Silver Linings Playbook
43.9%
The Shape of Water
42.6%
Blade Runner
39.3%
No Country for Old Men
38.8%
The Pursuit of Happyness
38%
Sideways
35.3%
Citizen Kane
32%

You're not logged in!

Compare scores with friends on all Sporcle quizzes.
OR
Log In

Sporcle TV

Today on Sporcle TV


Watch our educational content, quiz creation guides, and fun videos on Sporcle TV.

Show Comments

Extras

Top Quizzes Today


Score Distribution

Your Account Isn't Verified!

In order to create a playlist on Sporcle, you need to verify the email address you used during registration. Go to your Sporcle Settings to finish the process.

Report this User

Report this user for behavior that violates our Community Guidelines.

Details: